Former Nations and Civilisations on a Map of Asia #1 - Statistics

General Stats
  • This quiz has been taken 429 times
  • The average score is 6 of 16
Answers on the Map
Answers color-coded by a green-red scale on the quiz's map according to % correct below.
 
Answer Stats
Answer % Correct
Kingdom of {Nepal}
95%
South {Yemen}
86%
Kingdom of {Cyprus}
78%
South {Vietnam}
74%
Kingdom of {Georgia}
59%
{Ryukyu} Kingdom
50%
Kingdom of {Kandy}
26%
Elam
23%
Eastern {Wu}
22%
Srivijaya
22%
{Vijayanagara} Empire
21%
{Sikh} Empire
20%
{Nabataean} Kingdom
17%
Baekje
13%
{Bactria}-Margiana Archaeological Complex
9%
{Xianbei} State
4%
No matching quizzes found
Score Distribution
Percent of People with Each Score
Percentile by Number Answered
Your Score History
You have not taken this quiz